Armor Sets Legend of Zelda: Breath of the Wild - Statistics

General Stats
  • This quiz has been taken 21 times
  • The average score is 9 of 16
Answer Stats
Answer % Correct
Well-Worn
80%
Zora
80%
Gerudo
70%
Hylian
70%
Stealth
65%
Ancient
60%
Soldier
60%
Barbarian
50%
Flamebreaker
50%
Climbing
45%
Rubber
45%
Snowquill
45%
Desert Voe
40%
Dark
35%
Radiant
30%
Wild
30%
No matching quizzes found
Score Distribution
Percent of People with Each Score
Percentile by Number Answered
Your Score History
You have not taken this quiz